Dragon Ball Sagas Quiz Part 1(DB&DBZ) - Statistics

General Stats
  • This quiz has been taken 175 times
  • The average score is 11 of 27
Answer Stats
Answer % Correct
Vegeta Saga
92%
King Piccolo Saga
67%
Piccolo Jr. Saga
67%
Emperor Pilaf Saga
63%
Raditz Saga
63%
Tournament Saga
62%
Red Ribbon Army Saga
57%
Namek Saga
48%
Frieza Saga
46%
Majin Buu Saga
44%
Tien Shinhan Saga
41%
Fortuneteller Baba Saga
37%
Androids Saga
35%
General Blue Saga
32%
Kid Buu Saga
32%
Commander Red Saga
30%
Cell Games Saga
29%
Imperfect Cell Saga
29%
Trunks Saga
29%
Babidi Saga
28%
Perfect Cell Saga
28%
Garlic Jr. Saga
26%
Captain Ginyu Saga
25%
Fusion Saga
24%
Great Saiyaman Saga
24%
Otherworld Saga
22%
World Tournament Saga
19%
No matching quizzes found
Score Distribution
Percent of People with Each Score
Percentile by Number Answered
Your Score History
You have not taken this quiz